[Event "UKR-ch sf (Women)"]
[Site "Alushta"]
[Date "2005.05.23"]
[Round "8"]
[White "Kostiukova, Liubov"]
[Black "Gordon, Viktoria"]
[Result "1-0"]
[WhiteElo "2289"]
[BlackElo "2149"]
[PlyCount "117"]
[EventDate "2005.05.16"]
[EventType "swiss"]
[EventRounds "9"]
[EventCountry "UKR"]
[SourceTitle "CBM 106 Extra"]
[Source "ChessBase"]
[SourceDate "2005.07.01"]
[SourceVersion "1"]
[SourceVersionDate "2005.07.01"]
[SourceQuality "1"]

1. d4 f5 2. g3 Nf6 3. Bg2 g6 4. Nf3 Bg7 5. 0-0 0-0 6. b4 a5 7. b5 c5 8. c3 Ne4 9. Nbd2 Nxd2 10. Bxd2 c4 11. Qc1 Re8 12. Bh6 Bh8 13. Ng5 d5 14. Qf4 e6 15. g4 Qf6 16. gxf5 gxf5 17. Nf3 Nd7 18. Kh1 Nf8 19. Rg1 Ng6 20. Bh3 Bg7 21. Bxg7 Qxg7 22. Qg5 Rf8 23. Ne5 Bd7 24. Nxg6 hxg6 25. Qxg6 Qxg6 26. Rxg6+ Kf7 27. Rag1 Ke7 28. Rg7+ Rf7 29. a4 Rh8 30. Bf1 Kf8 31. Rxf7+ Kxf7 32. e3 Rg8 33. Bg2 Kf6 34. f3 Rh8 35. e4 b6 36. exd5 exd5 37. f4 Be6 38. h3 Bf7 39. Re1 Rh4 40. Kh2 Rh8 41. Re5 Rd8 42. Bf3 Be6 43. h4 Bf7 44. Kh3 Rd7 45. h5 Rd6 46. Kh4 Rd8 47. h6 Be6 48. Kg3 Rd6 49. Kh4 Kg6 50. h7 Kxh7 51. Kg5 Kg7 52. Bh5 Bd7 53. Re7+ Kf8 54. Rf7+ Kg8 55. Rf6 Rxf6 56. Kxf6 Kh7 57. Bf7 Kh6 58. Bxd5 Be8 59. Bf7 1-0

[Event "UKR-ch sf (Women)"]
[Site "Alushta"]
[Date "2005.05.18"]
[Round "3"]
[White "Ivanova, Svetlana"]
[Black "Gordon, Viktoria"]
[Result "0-1"]
[WhiteElo "2265"]
[BlackElo "2149"]
[PlyCount "138"]
[EventDate "2005.05.16"]
[EventType "swiss"]
[EventRounds "9"]
[EventCountry "UKR"]
[SourceTitle "CBM 106 Extra"]
[Source "ChessBase"]
[SourceDate "2005.07.01"]
[SourceVersion "1"]
[SourceVersionDate "2005.07.01"]
[SourceQuality "1"]

1. e4 g6 2. d4 Bg7 3. g3 d5 4. e5 c5 5. c3 Nc6 6. Bg2 Bf5 7. Ne2 cxd4 8. cxd4 e6 9. Nbc3 a6 10. 0-0 h5 11. h4 Nh6 12. Qb3 b5 13. Bg5 Qd7 14. Qd1 0-0 15. Nf4 Kh7 16. Bxh6 Kxh6 17. f3 Qa7 18. Kh1 Qxd4 19. Qc1 Kh7 20. Ncxd5 Nxe5 21. Ne3 Rac8 22. Nxf5 exf5 23. Qb1 Nc4 24. Qd3 Qxd3 25. Nxd3 Rfd8 26. Rfd1 Nxb2 27. Nxb2 Bxb2 28. Rab1 Rxd1+ 29. Rxd1 Rc1 30. Rxc1 Bxc1 31. f4 f6 32. Bb7 a5 33. Kg2 g5 34. Kf3 b4 35. Bc6 gxh4 36. gxh4 Bd2 37. Kg3 Be1+ 38. Kh3 Kg7 39. Bd7 Kf7 40. Ba4 Ke7 41. Bb3 Kd6 42. Bd1 Kd5 43. Bxh5 Ke4 44. Be8 Kxf4 45. h5 Kg5 46. Kg2 Bd2 47. Kf3 Bc1 48. Kf2 Kg4 49. Kf1 Be3 50. Ke2 Bh6 51. Kf2 Bf8 52. Kf1 f4 53. Kf2 Bh6 54. Ke2 Bg5 55. Kf2 Bh4+ 56. Kf1 Bg5 57. Kf2 f3 58. Kf1 f5 59. Kf2 Kf4 60. Bc6 Bh4+ 61. Kf1 Bf6 62. Kf2 Bd4+ 63. Kf1 Ke3 64. Bd7 f4 65. Bc6 f2 66. h6 Kd2 67. h7 Kc3 68. Ba4 Kb2 69. Bb3 a4 0-1

[Event "Kharkov Rector Cup (Women) 7th"]
[Site "Kharkov"]
[Date "2005.04.23"]
[Round "4"]
[White "Gordon, Viktoria"]
[Black "Romanova, Inna"]
[Result "0-1"]
[WhiteElo "2149"]
[BlackElo "2242"]
[PlyCount "160"]
[EventDate "2005.04.20"]
[EventType "tourn"]
[EventRounds "11"]
[EventCountry "UKR"]
[SourceTitle "CBM 105 Extra"]
[Source "ChessBase"]
[SourceDate "2005.05.01"]
[SourceVersion "1"]
[SourceVersionDate "2005.05.01"]
[SourceQuality "1"]

1. e4 e6 2. d4 d5 3. exd5 exd5 4. Nf3 Bd6 5. h3 Nc6 6. Be2 Bf5 7. 0-0 Nge7 8. c4 dxc4 9. Bxc4 0-0 10. Nc3 a6 11. d5 Ne5 12. Nxe5 Bxe5 13. f4 Bf6 14. g4 Qd6 15. Qe2 b5 16. Bb3 b4 17. Ne4 Bd4+ 18. Nf2 Bd7 19. Rd1 Bb5 20. Qe4 Bb6 21. Be3 f5 22. Qxe7 Qxe7 23. d6+ Qf7 24. Bxf7+ Rxf7 25. Bxb6 cxb6 26. Rd4 Rd8 27. Rad1 a5 28. gxf5 Rxf5 29. Ng4 Bd7 30. Ne5 g5 31. Rf1 Bb5 32. Re1 gxf4 33. Ng4 Kf8 34. Re5 Rxe5 35. Nxe5 Kg7 36. Nf3 Bd7 37. h4 Be6 38. a3 bxa3 39. bxa3 b5 40. Kf2 Bb3 41. Nd2 Bc2 42. Kf3 Kf6 43. Rxf4+ Ke5 44. Ke3 Rxd6 45. Nf3+ Kd5 46. Nd4 Ba4 47. Kd3 Kc5 48. Rf5+ Rd5 49. Rf4 b4 50. axb4+ axb4 51. Ke3 Re5+ 52. Kd2 Kd5 53. Nf3 Re4 54. Rf7 h6 55. Ra7 Bb5 56. Kc2 Rf4 57. Ra5 Kc5 58. Nd2 Kb6 59. Ra8 Rxh4 60. Rb8+ Kc6 61. Rc8+ Kd6 62. Kb3 Bd7 63. Rd8 Ke7 64. Rb8 Be6+ 65. Kc2 h5 66. Rb6 Rf4 67. Kd3 h4 68. Ke3 Rg4 69. Ne4 b3 70. Rb7+ Kd8 71. Nc5 Bc4 72. Rb4 Kc7 73. Ne4 Bd5 74. Nf6 Rg3+ 75. Kf4 Be6 76. Ke5 Re3+ 77. Kd4 Re1 78. Kc5 Rc1+ 79. Kb5 h3 80. Ne4 Bd7+ 0-1

[Event "Kharkov Femida op"]
[Site "Kharkov"]
[Date "2003.10.16"]
[Round "8"]
[White "Gordon, Viktoria"]
[Black "Sukhaja, Victorija"]
[Result "1-0"]
[WhiteElo "2140"]
[BlackElo "1969"]
[PlyCount "55"]
[EventDate "2003.10.08"]
[EventType "swiss"]
[EventRounds "9"]
[EventCountry "UKR"]
[SourceTitle "CBM 096 Extra"]
[Source "ChessBase"]
[SourceDate "2003.10.22"]
[SourceVersion "2"]
[SourceVersionDate "2003.10.20"]
[SourceQuality "1"]

1. e4 e5 2. Nf3 Nc6 3. Bc4 g6 4. h4 Bg7 5. h5 Na5 6. Be2 d6 7. d4 exd4 8. Nxd4 Ne7 9. Nc3 a6 10. Bg5 h6 11. Be3 c5 12. Nf3 gxh5 13. e5 Nf5 14. exd6 Nxe3 15. fxe3 Bg4 16. 0-0 0-0 17. Qd5 Re8 18. Nh2 Bxe2 19. Nxe2 Rxe3 20. Rxf7 Kh8 21. Nf4 Qg5 22. Rf5 Qg3 23. Nf1 Re1 24. Rxe1 Qxe1 25. Ne6 Bxb2 26. Rxh5 Bc1 27. d7 Nc6 28. Qf5 1-0

[Event "UKR ol"]
[Site "Alushta"]
[Date "1999.??.??"]
[Round "?"]
[White "Gordon, Viktoria"]
[Black "Dornbusch, Tatiana"]
[Result "1/2-1/2"]
[WhiteElo "2140"]
[BlackElo "2175"]
[PlyCount "117"]
[EventDate "1999.05.12"]
[EventType "team"]
[EventRounds "11"]
[EventCountry "UKR"]
[SourceTitle "EXT 2001"]
[Source "ChessBase"]
[SourceDate "2000.11.22"]
[SourceVersion "1"]
[SourceVersionDate "2000.11.22"]
[SourceQuality "1"]

1. e4 e5 2. Nf3 Nc6 3. Bb5 a6 4. Ba4 Nf6 5. 0-0 Be7 6. Re1 b5 7. Bb3 0-0 8. c3 d6 9. h3 Na5 10. Bc2 c5 11. d4 Qc7 12. Nbd2 cxd4 13. cxd4 Nc6 14. d5 Nb4 15. Bb1 a5 16. Nf1 Bd7 17. Ne3 g6 18. g4 Rfc8 19. Kh2 a4 20. Ng1 Na6 21. Bd2 Nc5 22. Ng2 Bf8 23. f4 exf4 24. Bxf4 Re8 25. Qf3 Bg7 26. Bg5 Qd8 27. Bh4 Qe7 28. Kh1 Qe5 29. Rf1 g5 30. Bg3 Qxb2 31. Bxd6 Ncxe4 32. Bxe4 Rxe4 33. Ne3 Qd4 34. Nf5 Bxf5 35. Qxf5 Qxd5 36. Rad1 Qc6 37. Nf3 h6 38. Be5 Qe6 39. Qxe6 fxe6 40. Rd6 Re8 41. Rb1 Re3 42. Kg2 Re2+ 43. Kf1 Rxa2 44. Rxb5 Ne4 45. Rd7 Bxe5 46. Rxe5 Rf8 47. Rxe4 Rxf3+ 48. Kg1 Rg3+ 49. Kf1 Rxh3 50. Kg1 Rb3 51. Re1 Rb4 52. Kh1 Rf4 53. Re7 Rxg4 54. Re8+ Kg7 55. Re7+ Kg6 56. R7xe6+ Kh5 57. Rxh6+ Kxh6 58. Re6+ Kg7 59. Rg6+ 1/2-1/2

[Event "UKR-ch U20 Girls"]
[Site "Kiev"]
[Date "1998.??.??"]
[Round "?"]
[White "Gordon, Viktoria"]
[Black "Gritsayeva, Oksana"]
[Result "0-1"]
[WhiteElo "2145"]
[BlackElo "2150"]
[PlyCount "140"]
[EventDate "1998.??.??"]
[EventType "tourn"]
[EventRounds "11"]
[EventCountry "UKR"]
[SourceTitle "EXT 2002"]
[Source "ChessBase"]
[SourceDate "2001.11.25"]
[SourceVersion "1"]
[SourceVersionDate "2001.11.25"]
[SourceQuality "1"]

1. e4 c5 2. c3 d6 3. d4 Nf6 4. Bd3 g6 5. Ne2 Bg7 6. 0-0 0-0 7. Bg5 Qb6 8. Nd2 Nc6 9. Nc4 Qc7 10. Qd2 b6 11. Rae1 Rd8 12. d5 Ne5 13. Nxe5 dxe5 14. f4 h6 15. Bh4 exf4 16. Bxf6 Bxf6 17. Qxf4 Qxf4 18. Nxf4 Be5 19. Bc4 a6 20. Nd3 Bg7 21. a4 Bd7 22. e5 Bxa4 23. e6 f6 24. Nf4 Be8 25. Rd1 Rd6 26. Bd3 f5 27. g4 g5 28. Ng2 f4 29. Ne1 Rad8 30. Ra1 Rxd5 31. Bxa6 Rd2 32. Rb1 Bg6 33. Nf3 Bxb1 34. Nxd2 Bd3 35. Bxd3 Rxd3 36. Nc4 b5 37. Na5 Re3 38. Nb7 c4 39. Nd8 Re2 40. Rf2 Re1+ 41. Kg2 Rd1 42. Nc6 Bf6 43. Re2 Rd3 44. Kf2 Rh3 45. Ke1 Rh4 46. Na7 f3 47. Rf2 b4 48. Rxf3 bxc3 49. bxc3 Rxg4 50. Re3 Rg2 51. h3 Kg7 52. Nb5 Kg6 53. Na3 Kf5 54. Kf1 Ra2 55. Nxc4 Rc2 56. Re1 Rxc3 57. Ne3+ Kg6 58. Kg2 Rc6 59. Nd5 Rd6 60. Nc7 Rc6 61. Ne8 Kf5 62. Nxf6 Kxf6 63. Rf1+ Kxe6 64. Rf8 Ke5 65. Re8 Kf6 66. Kf3 h5 67. Rf8+ Kg7 68. Re8 Rc3+ 69. Kg2 Kf6 70. Rh8 h4 0-1

[Event "Yalta op (Women)"]
[Site "Yalta"]
[Date "1996.??.??"]
[Round "5"]
[White "Gordon, Viktoria"]
[Black "Fatalibekova, Elena"]
[Result "0-1"]
[WhiteElo "2190"]
[BlackElo "2240"]
[PlyCount "98"]
[EventDate "1996.??.??"]
[EventType "swiss"]
[EventRounds "11"]
[EventCountry "UKR"]
[SourceTitle "EXT 1998"]
[Source "ChessBase"]
[SourceDate "1997.11.17"]
[SourceVersion "1"]
[SourceVersionDate "1997.11.17"]
[SourceQuality "1"]

1. e4 d5 2. exd5 Nf6 3. d4 Nxd5 4. Nf3 e6 5. c4 Nf6 6. Nc3 Be7 7. Bd3 0-0 8. 0-0 b6 9. Bg5 Bb7 10. Bc2 Na6 11. Ne5 c5 12. d5 exd5 13. cxd5 Nb4 14. Bxf6 Bxf6 15. Re1 Nxc2 16. Qxc2 Re8 17. Nc6 Qd6 18. Nxa7 Bxc3 19. Qxc3 Qxd5 20. f3 Rxe1+ 21. Rxe1 Qxa2 22. Nb5 Bc6 23. Nd4 Bd7 24. Nb3 Qa4 25. Re5 Be6 26. Nd2 Rd8 27. Ne4 h6 28. Kf2 Qd4+ 29. Qxd4 Rxd4 30. Nc3 Rb4 31. Re2 Kf8 32. Ke1 Rd4 33. Nb5 Rd7 34. Re3 Ke7 35. Ra3 Bc4 36. Nc3 Kd6 37. Ra4 Bd3 38. Ra8 b5 39. Rg8 g6 40. Rb8 b4 41. Na4 Re7+ 42. Kd1 Bc4 43. Ra8 Bf1 44. Rd8+ Kc7 45. Rd2 Kc6 46. b3 Bb5 47. Nb2 Re3 48. Rd8 Rxb3 49. Rc8+ Kd6 0-1

[Event "EU-ch U18 Girls"]
[Site "Rimavska Sobota"]
[Date "1996.??.??"]
[Round "4"]
[White "Mrvova, Alena"]
[Black "Gordon, Viktoria"]
[Result "1-0"]
[WhiteElo "2110"]
[BlackElo "2175"]
[PlyCount "65"]
[EventDate "1996.??.??"]
[EventType "swiss"]
[EventRounds "9"]
[EventCountry "SVK"]
[SourceTitle "EXT 1997"]
[Source "ChessBase"]
[SourceDate "1996.11.15"]
[SourceVersion "1"]
[SourceVersionDate "1996.11.15"]
[SourceQuality "1"]

1. e4 c6 2. d4 d5 3. Nc3 dxe4 4. Nxe4 Nd7 5. Nf3 Ngf6 6. Nxf6+ Nxf6 7. Bc4 Bg4 8. Bxf7+ Kxf7 9. Ne5+ Ke8 10. Nxg4 e6 11. 0-0 Bd6 12. Ne5 Qc7 13. Qe2 Ke7 14. Bg5 Rhe8 15. Rae1 Kf8 16. h3 Kg8 17. Qf3 Rf8 18. Qb3 Rae8 19. Re2 c5 20. Rfe1 cxd4 21. Nf3 Qf7 22. Rxe6 Rxe6 23. Qxe6 Bc5 24. Bxf6 Qxe6 25. Rxe6 gxf6 26. Kf1 Kf7 27. Re4 Rd8 28. Ke2 Kg6 29. Kd3 h5 30. Nxd4 f5 31. Rf4 Bd6 32. Rxf5 h4 33. Rd5 1-0